00911nam a22002417a 4500999001900000005001700019010001500036020002700051035001400078037001300092082001500105100001300120245012500133250004400258260003000302270008300332300002900415500001900444700001700463700003100480942002900511952012900540 c104711d10471120181201124936.0 aENG-116616 a9789351436454c1995.00 aEN-100148 bDBAD/PUB a346.540664 aBhandari aBhandari and Makheeja guide to memorandum articles and incorporation of companies /cby M.C.Bhandari [and] R.D.Makheeja  a6th ed. by Ramakrishnan Viraraghavanb  aGurgaonbLexisNexisc2016 a14th Floor, Building No.10, Tower-B, DLF Cyber City, Phase-IIbGurgaone122002 axxxii,1735p.,c24cm(pbk) aIncludes index aR.D.Makheeja a Viraraghavan,Ramakrishnan 2ddccENmBHAh346.540664 001040718NFICaDBADbBNd2016-11-22eDBAD/PUBg1995.00l0o346.540664 BHApEN-100148r2016-11-22 00:00:00t1v1995.00yEN